| 000 | 00592nam a22001337a 4500 | ||
|---|---|---|---|
| 040 | _cRUA | ||
| 082 | _aAGR SOK 2015 B513 Or.1 | ||
| 100 | _aSOK NEDA, សុខ នីដា | ||
| 245 | _aUtilization of different rate of organic fertilizer on cauliflower on kien svay soil type, ការប្រើជីធម្មជាតិកម្រិតខុសគ្នាលើដំណាំខាត់ណាផ្កានៅលើក្រុមដីកៀនស្វាយ | ||
| 260 |
_aPhnom Penh _bRUA _c2015 |
||
| 300 |
_axi; 44p. _bill. _c29cm. |
||
| 856 | _uSOK NEDA | ||
| 942 | _cAGR | ||
| 999 |
_c9058 _d9058 |
||